Les Esquadres del Batlle de Valls : origen i fundació de les Esquadres de Catalunya / Anna Borruel Llovera origen i fundació de les Esquadres de Catalunya / Anna Borruel Llovera
Descripción Física:
23 p. : il. ; 28 cm
Colección:
Quaderns de Valls ; 3
MARC
| LEADER | 00000nam a2200000Ia 4500 | ||
|---|---|---|---|
| 001 | 10483 | ||
| 003 | BGR | ||
| 005 | 20260324175717.0 | ||
| 008 | 160829s9999 xx 000 0 cat d | ||
| 080 | |a FU-26-13 | ||
| 100 | |a Borruel Llovera, Anna |9 38762 | ||
| 245 | |a Les Esquadres del Batlle de Valls : |b origen i fundació de les Esquadres de Catalunya / Anna Borruel Llovera | ||
| 260 | |a Valls : |b Ajuntament de Valls, Arxiu Municipal, DL 1990 | ||
| 300 | |a 23 p. : |b il. ; |c 28 cm | ||
| 490 | |a Quaderns de Valls ; 3 | ||
| 590 | |a Bibliografia. | ||
| 590 | |a Hi ha un duplicat a: DUP-186-73 | ||
| 610 | 0 | |a Catalunya. |b Mossos d'Esquadra |x Història |9 54629 | |
| 710 | 1 | |a Valls (Catalunya). |b Ajuntament |9 53920 | |
| 710 | 1 | |a Arxiu Municipal de Valls |9 70425 | |
| 901 | |a Arxiu | ||
| 942 | |n 1 |2 udc |c MON | ||
| 952 | |0 0 |1 0 |4 0 |6 FU2613 |7 1 |9 48585 |a Arxiu |b Arxiu |d 2016-12-01 |l 0 |o FU-26-13 |p 10483 |r 2016-12-01 00:00:00 |w 2016-12-01 |y ARXIU | ||
| 999 | |c 52415 |d 52415 | ||